Resumé výsledkov výskumu za rok 1991
Guardado en:
| Formato: | Libro |
|---|---|
| Lenguaje: | eslovaco |
| Publicado: |
Bratislava
Výskumný ústav práce a sociálnych vecí
1992
|
| Edición: | 1. vyd. |
| Materias: | |
| Etiquetas: |
Sin Etiquetas, Sea el primero en etiquetar este registro!
|
MARC
| LEADER | 00000nam a2200000 4500 | ||
|---|---|---|---|
| 001 | c003918 | ||
| 005 | 20221214090511.4 | ||
| 020 | |a 80-7138-059-8 | ||
| 041 | 0 | |a slo | |
| 044 | |a SK | ||
| 245 | 1 | 0 | |a Resumé výsledkov výskumu za rok 1991 |
| 250 | |a 1. vyd. | ||
| 264 | 1 | |a Bratislava |b Výskumný ústav práce a sociálnych vecí |c 1992 | |
| 300 | |a 133 s. | ||
| 610 | 2 | 0 | |a 1991 |
| 610 | 2 | 0 | |a trh práce |
| 610 | 2 | 0 | |a regióny |
| 610 | 2 | 0 | |a hospodárstvo trhové |
| 610 | 2 | 0 | |a politika sociálna |
| 610 | 2 | 0 | |a príjmy pracovné |
| 610 | 2 | 0 | |a reformy hospodárske |
| 610 | 2 | 0 | |a úroveň životná |
| 610 | 2 | 0 | |a zamestnanosť |
| 610 | 2 | 0 | |a práca personálna |
| 610 | 2 | 0 | |a domácnosti |
| 610 | 2 | 0 | |a príjmy rodinné |
| 610 | 2 | 0 | |a výdavky |
| 610 | 2 | 0 | |a pomoc sociálna |
| 610 | 2 | 0 | |a podmienky sociálne |